| 000 | 00858nam a2200253 i 4500 | ||
|---|---|---|---|
| 001 | 179859 | ||
| 003 | ES-MaACL | ||
| 005 | 20251015063152.0 | ||
| 008 | 120213s2001 sp |||| | spa d | ||
| 020 | _a84-95192-79-9 | ||
| 080 | _a821.134.2-31"19" | ||
| 100 | 1 |
_aCava, Salvador F., _d1955- _9149352 |
|
| 245 | 1 | 3 |
_aEl círculo de cenizas / _cSalvador F. Cava. |
| 250 | _a1ª ed. | ||
| 260 |
_aCuenca : _bDiputación Provincial de Cuenca, Cultura ; _a[Madrid] : _bWanagu, _c2001. |
||
| 300 |
_a205 p. ; _c23 cm. |
||
| 490 | 1 |
_aCreación literaria ; _v16 |
|
| 710 | 1 |
_aCuenca (Provincia). _bDiputación Provincial. _93346 |
|
| 830 | 0 |
_aCreación literaria ; _v16 _9178462 |
|
| 852 |
_aES-MaACL _jA-11961 _bR.146859 _9186760 _dOlim: N-4966 _cDEPO1 |
||
| 942 |
_2udc _cMONOGRAFIA |
||
| 999 |
_c179859 _d179859 |
||